000 00424nam a2200181Ia 4500
001 10225
005 20260306161816.0
008 260306t2012||||xx |||||||||||||| ||spa||
041 _aESP
082 _a909.04927
_bE41
100 _aElia, Ricardo H.S.
_eAUT
245 0 _aLa civilzacion del Islam
260 _c2012
300 _a669 páginas :
_c24 cm.
650 _aGEN
654 _aCHU
942 _cLIB
_dJUS
_fJUS
_2ddc
_n
999 _c10225
_d10225